书目信息 |
| 题名: |
建筑策划原理与实务=the Principle and practice of architectural planning
|
|
| 作者: | 曹亮功 , 曹雨佳 著 | |
| 分册: | ||
| 出版信息: | 北京 中国建筑工业出版社 2018.09 |
|
| 页数: | 237页 | |
| 开本: | 20cm | |
| 丛书名: | ||
| 单 册: | ||
| 中图分类: | TU72 | |
| 科图分类: | ||
| 主题词: | 建筑工程--施工组织 , 建筑工程--施工计划 | |
| 电子资源: | ||
| ISBN: | 978-7-112-22391-6 | |
| 000 | 00771nam0 2200217 45 | |
| 001 | 1957713808 | |
| 005 | 20190305082109.30 | |
| 010 | @a978-7-112-22391-6@dRMB 39.00 | |
| 100 | @a20190304d2018 km y0chiy0120 ea | |
| 101 | 0 | @achi |
| 102 | @aCN@b110000 | |
| 200 | 1 | @a建筑策划原理与实务=the Principle and practice of architectural planning@Ajian zhu ce hua yuan li yu shi wu=the Principle and practice of architectural planning@f曹亮功,曹雨佳著@Fcao liang gong,cao yu jia zhu |
| 210 | @a北京@c中国建筑工业出版社@d2018.09 | |
| 215 | @a237页@d20cm | |
| 606 | 0 | @a建筑工程@x施工组织 |
| 606 | 0 | @a建筑工程@x施工计划 |
| 690 | @aTU72@v4 | |
| 701 | 0 | @a曹亮功@Acao liang gong@4著 |
| 701 | 0 | @a曹雨佳@Acao yu jia@4著 |
| 801 | 0 | @aCN@bPFT@c20190305 |
| 905 | @a10447@dTU72@eC1211 | |
| 建筑策划原理与实务=the Principle and practice of architectural planning/曹亮功,曹雨佳著.-北京:中国建筑工业出版社,2018.09 |
| 237页;20cm |
| ISBN 978-7-112-22391-6:RMB 39.00 |
| ● |
| 相关链接 |
|
|
|
正题名:建筑策划原理与实务=the Principle and pra
索取号:TU72/C1211
 
预约/预借
| 序号 | 登录号 | 条形码 | 馆藏地/架位号 | 状态 | 备注 |
| 1 | 1304607 | 213046078 | 建筑库201/201建筑库 27排2列3层/ [索取号:TU72/C1211] | 在馆 |